| 000 | 00539 a2200205 4500 | ||
|---|---|---|---|
| 999 |
_c8428 _d8428 |
||
| 020 | _a0949981044 | ||
| 050 | 0 | 0 | _aPL8745 MAR 1941 |
| 100 |
_aMarivate, D.C _eauthor |
||
| 245 | 0 | 0 |
_aDavid Livingstone / _cD. C Marivate |
| 264 |
_aBraamfontein: _bSasovona., _c1941 |
||
| 300 |
_a31 pages _bill. ; |
||
| 500 | _ano index | ||
| 650 | 0 | _aExplorers | |
| 650 | 0 | _aExplorers | |
| 650 | 0 | _aMissionaries, Medical | |
| 650 | 0 | _aMissionaries, Medical | |
| 651 | 0 | _aAfrica, Southern | |
| 700 | 1 | _aSantos, Carmen. | |
| 942 |
_2lcc _cBK _h8745 _iMAR _kPL |
||